Kwami z Miraculum: Biedronka i Czarny Kot - obrazkowy - Statystyki

Ogólne statystyki
  • Ten quiz został rozwiązany 159 razy
  • Średni wynik to 8 z 20
Statystyki odpowiedzi
Obrazkowy Odpowiedź % Poprawnych
Tikki
95%
Plagg
83%
Pollen
66%
Trixx
64%
Sass
52%
Wayzz
49%
Nooroo
45%
Duusu
40%
Mullo
40%
Longg
31%
Orikko
31%
Barkk
28%
Kaalki
28%
Xuppu
28%
Roaar
27%
Fluff
26%
Ziggy
20%
Stompp
19%
Daizzi
18%
Liiri
14%
Nie znaleziono quizów pasujących do podanych kryteriów
Rozkład punktacji
Procent ludzi z każdym wynikiem
Percentyl według liczby udzielonych odpowiedzi
Twoja historia wyników
Nie rozwiązałeś tego quizu